[Event "NW Regional Scholastic Championships"]
[Site "Chess.com"]
[Date "2020.05.16"]
[Round "?"]
[White "Varin_N"]
[Black "iamvoltu"]
[Result "0-1"]
[WhiteElo "1220"]
[BlackElo "1519"]
[PlyCount "106"]
[EventDate "2020.??.??"]

1. e4 c5 2. Nc3 d6 3. g3 Nc6 4. Bg2 Nf6 5. d3 g6 6. f4 Bg7 7. Nf3 Bg4 8. h3
Bxf3 9. Bxf3 Nd4 10. Be3 Nd7 11. Bxd4 cxd4 12. Ne2 Qb6 13. Rb1 Qa5+ 14. Qd2
Qxa2 15. O-O Qa6 16. Ra1 Qb6 17. Rfb1 O-O 18. Kg2 Bh6 19. Qe1 e5 20. c3 exf4
21. Nxd4 Ne5 22. Be2 Nc6 23. Nxc6 Qxc6 24. g4 f5 25. gxf5 Rxf5 26. h4 Raf8 27.
Bg4 f3+ 28. Kf2 Qb6+ 29. d4 Rf4 30. Be6+ Kg7 31. b4 Rxh4 32. Qg1 Rxe4 33. Re1
Rxe1 34. Rxe1 Qa6 35. Qf1 Qxf1+ 36. Rxf1 Kf6 37. Bd5 b6 38. c4 Ke7 39. Bc6 Rf4
40. Re1+ Kd8 41. d5 Rf8 42. b5 g5 43. Rh1 Bg7 44. Rd1 g4 45. Rd2 Be5 46. Ra2
g3+ 47. Ke3 f2 48. Rxa7 f1=Q 49. Ra8+ Ke7 50. Ra7+ Kf6 51. Rxh7 Qf2+ 52. Kd3
Qf5+ 53. Ke2 Qxh7 0-1

[Event "NW Regional Scholastic Championships"]
[Site "Chess.com"]
[Date "2020.05.16"]
[Round "?"]
[White "CarsonBay"]
[Black "iamvoltu"]
[Result "1-0"]
[WhiteElo "1658"]
[BlackElo "1519"]
[PlyCount "109"]
[EventDate "2020.??.??"]

1. e4 c5 2. Nf3 d6 3. d4 cxd4 4. Nxd4 Nf6 5. Nc3 g6 6. f3 Bg7 7. Be3 Nc6 8. Qd2
Bd7 9. h4 Ne5 10. O-O-O Rc8 11. Bh6 O-O 12. g4 Nc4 13. Bxc4 Rxc4 14. h5 Ne8 15.
hxg6 fxg6 16. Bxg7 Nxg7 17. Qh6 e5 18. Qxh7+ Kf7 19. Nf5 gxf5 20. gxf5 Rc8 21.
Rhg1 Rg8 22. Qg6+ Kf8 23. f6 Be8 24. fxg7+ Ke7 25. Qf5 Bf7 26. Nd5+ Bxd5 27.
exd5 Qd7 28. Qg5+ Ke8 29. f4 Qc7 30. Qg6+ Qf7 31. fxe5 Qxg6 32. Rxg6 dxe5 33.
Re6+ Kf7 34. Rf1+ Kxg7 35. Re7+ Kg6 36. Rxb7 Rgf8 37. Rxf8 Rxf8 38. Rxa7 Re8
39. c4 e4 40. Kd2 Kf5 41. d6 e3+ 42. Ke2 Kf4 43. d7 Rd8 44. c5 Rh8 45. Ra4+ Ke5
46. Kxe3 Kd5 47. Rd4+ Kxc5 48. d8=Q Rxd8 49. Rxd8 Kb4 50. Kd4 Ka4 51. Rb8 Ka5
52. Kc5 Ka6 53. Kc6 Ka7 54. Rh8 Ka6 55. Ra8# 1-0

[Event "NW Regional Scholastic Championships"]
[Site "Chess.com"]
[Date "2020.05.16"]
[Round "?"]
[White "aronian22"]
[Black "Eric-Erard"]
[Result "0-1"]
[WhiteElo "1557"]
[BlackElo "1634"]
[PlyCount "44"]
[EventDate "2020.??.??"]

1. d4 Nf6 2. Nf3 g6 3. g3 Bg7 4. Bg2 O-O 5. O-O d6 6. c4 c6 7. Nc3 Bg4 8. Bf4
Nbd7 9. Rb1 Bf5 10. Rc1 Re8 11. d5 cxd5 12. cxd5 Nc5 13. b4 Nce4 14. Nb5 Rf8
15. Nd2 Qb6 16. a4 a6 17. Nc4 Qd8 18. Nba3 Nh5 19. Be3 Nc3 20. Bd4 Bxd4 21.
Qxd4 Nxe2+ 22. Kh1 Nxd4 0-1

[Event "NW Regional Scholastic Championships"]
[Site "Chess.com"]
[Date "2020.05.16"]
[Round "?"]
[White "Eric-Erard"]
[Black "orange78"]
[Result "1-0"]
[WhiteElo "1634"]
[BlackElo "999"]
[PlyCount "75"]
[EventDate "2020.??.??"]

1. e4 e5 2. Nf3 Nc6 3. Bb5 a6 4. Ba4 Nf6 5. Nc3 Bb4 6. O-O O-O 7. Qe2 d6 8. a3
Bc5 9. d3 Bg4 10. h3 Bh5 11. Bg5 Nd4 12. Qd1 h6 13. Bxf6 Qxf6 14. Nd5 Nxf3+ 15.
Kh1 Qd8 16. gxf3 c6 17. Ne3 Qd7 18. Kh2 Qe6 19. Nf5 Rfe8 20. Bb3 Qf6 21. Qe2
Qg5 22. Rg1 Qf4+ 23. Rg3 g6 24. Rag1 Kh7 25. Bxf7 Rf8 26. Bxg6+ Bxg6 27. Ne7
Bh5 28. Nf5 d5 29. Kh1 Kh8 30. Rg4 Bxg4 31. Rxg4 Qc1+ 32. Kh2 Qxb2 33. Qd2 Rf6
34. Nxh6 Rxf3 35. Nf7+ Rxf7 36. Qh6+ Rh7 37. Qf6+ Rg7 38. Qxg7# 1-0

[Event "NW Regional Scholastic Championships"]
[Site "Chess.com"]
[Date "2020.05.16"]
[Round "?"]
[White "poocoolpro"]
[Black "Varin_N"]
[Result "1/2-1/2"]
[WhiteElo "1614"]
[BlackElo "1220"]
[PlyCount "169"]
[EventDate "2020.??.??"]

1. Nf3 d5 2. g3 c5 3. Bg2 e6 4. O-O Nf6 5. d3 Be7 6. Nc3 O-O 7. e4 d4 8. Ne2
Nc6 9. c3 e5 10. Qc2 Re8 11. Bg5 h6 12. Bxf6 Bxf6 13. cxd4 cxd4 14. Rac1 Be6
15. a3 Rc8 16. Qd2 Qa5 17. h3 Qxd2 18. Nxd2 Na5 19. f4 Rxc1 20. Rxc1 Nc6 21. f5
Bd7 22. Nc4 Be7 23. Kf2 g6 24. g4 gxf5 25. exf5 h5 26. Bxc6 Bxc6 27. Ng3 hxg4
28. hxg4 Bg5 29. Re1 f6 30. Nd6 Rd8 31. Nde4 Be3+ 32. Kf3 Kg7 33. Nf1 Bf4 34.
Ke2 Bxe4 35. dxe4 d3+ 36. Kd1 Kh6 37. Nd2 Kg5 38. Rg1 Rh8 39. Nf3+ Kh6 40. Rh1+
Kg7 41. Rxh8 Kxh8 42. Ne1 Kg7 43. Nxd3 Kh6 44. Ke2 Kg5 45. Kf3 Bd2 46. b3 b6
47. a4 Bc3 48. Nf2 Bd4 49. Nd1 Kh4 50. b4 Kg5 51. Kg3 a6 52. b5 a5 53. Kf3 Kh4
54. Ke2 Kxg4 55. Kd3 Kf4 56. Nc3 Bxc3 57. Kxc3 Kxe4 58. Kc4 Kf3 59. Kd5 e4 60.
Kc6 e3 61. Kxb6 e2 62. Ka7 e1=Q 63. b6 Qe3 64. Ka6 Qd3+ 65. Kxa5 Qd8 66. Ka6
Qa8+ 67. Kb5 Kf4 68. a5 Kxf5 69. a6 Qe8+ 70. Kc5 Qe3+ 71. Kc6 Qc3+ 72. Kb7 Qf3+
73. Ka7 Qe3 74. Kb7 Qe7+ 75. Kc8 Qc5+ 76. Kb7 Qe7+ 77. Kc8 Qe8+ 78. Kc7 Ke6 79.
b7 Qd7+ 80. Kb8 Qd8+ 81. Ka7 Kd7 82. b8=Q Qc7+ 83. Qb7 Kd8 84. Ka8 Qc8+ 85. Qb8
1/2-1/2

[Event "NW Regional Scholastic Championships"]
[Site "Chess.com"]
[Date "2020.05.16"]
[Round "?"]
[White "PandasAwesome"]
[Black "poocoolpro"]
[Result "1/2-1/2"]
[WhiteElo "1085"]
[BlackElo "1614"]
[PlyCount "93"]
[EventDate "2020.??.??"]

1. e4 d6 2. Nf3 Nf6 3. Nc3 g6 4. d4 Bg7 5. Bd3 O-O 6. O-O Nc6 7. Re1 e5 8. dxe5
dxe5 9. Bg5 Bg4 10. h3 Bxf3 11. Qxf3 Nd4 12. Qd1 Qd6 13. f4 Qb6 14. Kh1 Rfe8
15. Bxf6 Bxf6 16. Nd5 Qd6 17. c3 Nc6 18. Bb5 Bg7 19. Qf3 exf4 20. Qxf4 Qxf4 21.
Nxf4 a6 22. Bxc6 bxc6 23. Rad1 Rab8 24. Re2 Be5 25. Nd3 Bd6 26. e5 Kg7 27. Rde1
Bf8 28. e6 fxe6 29. Rxe6 Rxe6 30. Rxe6 c5 31. Rc6 Bd6 32. b3 Rb6 33. Rxb6 cxb6
34. Kg1 Kf6 35. Kf2 Kf5 36. Kf3 h5 37. c4 h4 38. a3 g5 39. a4 a5 40. Nf2 Bg3
41. Ng4 Be1 42. Ne3+ Kg6 43. Nd5 Bb4 44. Nxb6 Kf5 45. Nd5 Bd2 46. Ke2 Bf4 47.
Kf3 1/2-1/2

[Event "NW Regional Scholastic Championships"]
[Site "Chess.com"]
[Date "2020.05.16"]
[Round "?"]
[White "Tanneywanney25"]
[Black "highwaypotter"]
[Result "0-1"]
[WhiteElo "800"]
[BlackElo "800"]
[PlyCount "126"]
[EventDate "2020.??.??"]

1. d4 Nf6 2. c4 e6 3. Nc3 Bb4 4. Qc2 Bxc3+ 5. Qxc3 Nc6 6. Nf3 d6 7. e3 O-O 8.
Bd3 Qe7 9. e4 e5 10. d5 Nb8 11. O-O a5 12. h3 Nbd7 13. Bg5 h6 14. Bxf6 Nxf6 15.
b4 b6 16. b5 Nd7 17. a4 Nc5 18. Bc2 f5 19. exf5 Bxf5 20. Bxf5 Rxf5 21. Rfe1
Raf8 22. Ra2 Qf7 23. Ree2 Rxf3 24. Qxf3 Qxf3 25. gxf3 Rxf3 26. Re3 Rf4 27. Rc3
g5 28. Kg2 Kg7 29. Raa3 e4 30. Rc2 Nd3 31. Re2 Kf7 32. Rc3 Kf6 33. Ra3 Kf5 34.
Rc3 Rf3 35. Kh2 Rxf2+ 36. Rxf2+ Nxf2 37. Kg3 Nd3 38. Rc2 e3 39. Re2 Ke4 40. h4
gxh4+ 41. Kxh4 Kf3 42. Ra2 e2 43. Rxe2 Kxe2 44. Kh5 Ke3 45. Kxh6 Kd4 46. Kg7
Kxc4 47. Kf7 Kxd5 48. Ke7 Kc5 49. Kd7 d5 50. Kxc7 Nb2 51. Kd7 d4 52. Ke6 d3 53.
Kf5 d2 54. Kf4 d1=Q 55. Kg3 Qe2 56. Kh4 Qg2 57. Kh5 Qg3 58. Kh6 Qg4 59. Kh7 Qg5
60. Kh8 Kd6 61. Kh7 Ke7 62. Kh8 Kf7 63. Kh7 Qg7# 0-1

[Event "NW Regional Scholastic Championships"]
[Site "Chess.com"]
[Date "2020.05.16"]
[Round "?"]
[White "mbikdjbi9o"]
[Black "ieatrocksforfun"]
[Result "1-0"]
[WhiteElo "1542"]
[BlackElo "1400"]
[PlyCount "63"]
[EventDate "2020.??.??"]

1. d4 d5 2. c4 e6 3. Nc3 Nf6 4. Bf4 Bb4 5. e3 O-O 6. Nf3 Nh5 7. Bg3 Nc6 8. a3
Bxc3+ 9. bxc3 Bd7 10. cxd5 exd5 11. Rb1 b6 12. Bd3 Nf6 13. c4 Bg4 14. cxd5 Qxd5
15. Rc1 Bxf3 16. Qxf3 Qxf3 17. gxf3 Na5 18. Rxc7 Rfe8 19. O-O Nh5 20. Rfc1 g6
21. Bb1 Nxg3 22. hxg3 Nb3 23. R1c2 Nxd4 24. exd4 Re1+ 25. Kg2 Rxb1 26. Rd7 h5
27. Rcc7 Rb3 28. Rxf7 Rxa3 29. Rg7+ Kf8 30. Rxg6 Ra4 31. Rh6 Rxd4 32. Rh8# 1-0

[Event "NW Regional Scholastic Championships"]
[Site "Chess.com"]
[Date "2020.05.16"]
[Round "?"]
[White "ieatrocksforfun"]
[Black "highwaypotter"]
[Result "0-1"]
[WhiteElo "1400"]
[BlackElo "800"]
[PlyCount "108"]
[EventDate "2020.??.??"]

1. e4 c5 2. Nf3 g6 3. Bc4 Bg7 4. Nc3 Nc6 5. d3 d6 6. O-O Nf6 7. Re1 O-O 8. e5
dxe5 9. Nxe5 Nxe5 10. Rxe5 Nd7 11. Re1 a6 12. Bf4 e6 13. Bd6 Re8 14. Qf3 Qb6
15. Bg3 Qxb2 16. Nd5 Rf8 17. Ne7+ Kh8 18. Rad1 Ne5 19. Bxe5 Bxe5 20. d4 Bxd4
21. Rd3 Bg7 22. Red1 Qb6 23. Qg3 Qb4 24. Qf4 b5 25. Rd8 Bb7 26. R8d7 bxc4 27.
h4 Bd5 28. Nxd5 exd5 29. R1xd5 Rae8 30. Rxf7 Re1+ 31. Kh2 Qb8 32. Rxf8+ Qxf8
33. Qd2 Re8 34. f3 Be5+ 35. Kg1 Bd4+ 36. Kh1 c3 37. Qg5 Qe7 38. Qxe7 Rxe7 39.
Rd8+ Kg7 40. Rd6 Re1+ 41. Kh2 Be5+ 42. Kh3 Bxd6 43. Kg4 Re2 44. Kg5 Rxc2 45. h5
Be7+ 46. Kf4 g5+ 47. Kf5 Rxa2 48. g4 c2 49. f4 c1=Q 50. fxg5 Qxg5+ 51. Ke6 Rd2
52. h6+ Qxh6+ 53. Kxe7 Qf6+ 54. Ke8 Qf8# 0-1

[Event "NW Regional Scholastic Championships"]
[Site "Chess.com"]
[Date "2020.05.16"]
[Round "?"]
[White "mjcaramel"]
[Black "aronian22"]
[Result "0-1"]
[WhiteElo "1193"]
[BlackElo "1557"]
[PlyCount "66"]
[EventDate "2020.??.??"]

1. e4 c5 2. Nf3 d6 3. d4 cxd4 4. Nxd4 Nf6 5. Nc3 a6 6. Bc4 Nbd7 7. Be3 e6 8.
Qd2 b5 9. Bxb5 axb5 10. Ndxb5 Nb6 11. e5 Nc4 12. Qe2 Nxe3 13. Qxe3 Ng4 14. Qd2
Nxe5 15. O-O Bb7 16. f4 Qb6+ 17. Kh1 Ng4 18. h3 Ne3 19. Rf2 Be7 20. Re1 Nc4 21.
Qe2 O-O 22. Rff1 Qc6 23. Nd4 Qc5 24. Nb3 Qc6 25. Nd4 Qc7 26. Ndb5 Qc5 27. f5
Bh4 28. Rd1 Ne3 29. Nxd6 Nxf1 30. Nxb7 Ng3+ 31. Kh2 Qc7 32. Qg4 Ne4+ 33. Kh1
Nf2+ 0-1

[Event "NW Regional Scholastic Championships"]
[Site "Chess.com"]
[Date "2020.05.16"]
[Round "?"]
[White "Stephenwilly"]
[Black "Parthpp"]
[Result "1-0"]
[WhiteElo "1509"]
[BlackElo "1054"]
[PlyCount "113"]
[EventDate "2020.??.??"]

1. e4 e5 2. Nf3 Nc6 3. Bc4 Bc5 4. b4 Bxb4 5. O-O Nf6 6. c3 Be7 7. d4 exd4 8. e5
Ng8 9. cxd4 d6 10. Qb3 Nh6 11. Bxh6 gxh6 12. Bxf7+ Kf8 13. Bh5 d5 14. Qe3 Bg5
15. Nxg5 Qxg5 16. Qf3+ Ke7 17. Nc3 Be6 18. Nb5 Kd7 19. Bf7 Rhf8 20. Bxe6+ Kxe6
21. Nxc7+ Kd7 22. Qxd5+ Kxc7 23. Qd6+ Kc8 24. Qxf8+ Qd8 25. Qf5+ Kc7 26. Qxh7+
Qd7 27. Qxd7+ Kxd7 28. Rab1 b6 29. Rfe1 Ke6 30. Rbd1 Rd8 31. d5+ Rxd5 32. Rxd5
Kxd5 33. f4 Ke6 34. Kf2 Nb4 35. a3 Nd3+ 36. Ke2 Nxe1 37. Kxe1 Kf5 38. g3 Ke6
39. Kd2 a6 40. Kc3 Kd5 41. Kd3 h5 42. h3 b5 43. g4 hxg4 44. hxg4 a5 45. Kc3 a4
46. Kb4 Ke6 47. Kxb5 Kf7 48. Kxa4 Kg8 49. f5 Kf7 50. g5 Kf8 51. e6 Ke7 52. Kb5
Kf8 53. f6 Kg8 54. g6 Kf8 55. Kc6 Ke8 56. g7 Kd8 57. g8=Q# 1-0

[Event "NW Regional Scholastic Championships"]
[Site "Chess.com"]
[Date "2020.05.16"]
[Round "?"]
[White "smallpal"]
[Black "Parthpp"]
[Result "0-1"]
[WhiteElo "1330"]
[BlackElo "1054"]
[PlyCount "26"]
[EventDate "2020.??.??"]

1. e4 e5 2. Nf3 Nc6 3. Bc4 Bc5 4. Nc3 Nf6 5. Ng5 O-O 6. d3 d6 7. Nd5 Nxd5 8.
Bxd5 Qf6 9. d4 Bxd4 10. Qe2 Be6 11. Be3 Bxe3 12. Nxe6 fxe6 13. Bxc6 Bxf2+ 0-1

[Event "NW Regional Scholastic Championships"]
[Site "Chess.com"]
[Date "2020.05.16"]
[Round "?"]
[White "piggy_98"]
[Black "Chess_Bot254"]
[Result "1-0"]
[WhiteElo "1696"]
[BlackElo "1200"]
[PlyCount "23"]
[EventDate "2020.??.??"]

1. e4 e5 2. Nf3 Nc6 3. Bc4 Nf6 4. O-O Bc5 5. d4 exd4 6. e5 Ng4 7. Bxf7+ Kxf7 8.
Ng5+ Kg8 9. Qxg4 Nxe5 10. Qe4 Qe7 11. Qd5+ Kf8 12. Re1 1-0

[Event "NW Regional Scholastic Championships"]
[Site "Chess.com"]
[Date "2020.05.16"]
[Round "?"]
[White "iamvoltu"]
[Black "TRIPU06"]
[Result "1/2-1/2"]
[WhiteElo "1519"]
[BlackElo "1375"]
[PlyCount "129"]
[EventDate "2020.??.??"]

1. b3 b6 2. Bb2 Bb7 3. e3 e6 4. Nf3 Be7 5. c4 Nf6 6. d4 c5 7. Be2 O-O 8. O-O d5
9. Nbd2 Nc6 10. Ne5 Nxe5 11. dxe5 Ne4 12. Nxe4 dxe4 13. f3 f5 14. Qc2 Bg5 15.
f4 Be7 16. Rad1 Qc7 17. Rd2 Rad8 18. Rfd1 g5 19. Rxd8 Rxd8 20. Rxd8+ Qxd8 21.
Qd1 Qxd1+ 22. Bxd1 g4 23. g3 h5 24. h3 Kf7 25. hxg4 hxg4 26. Kf2 Ke8 27. Ke2
Kd7 28. Kd2 Kc6 29. Kc3 a5 30. a3 Bh4 31. a4 Bxg3 32. Kd2 Bf2 33. Ke2 g3 34.
Kf1 Bc8 35. Kg2 Bd7 36. Bc1 Kc7 37. Bh5 Kd8 38. Bd2 Kc7 39. Bd1 Kb7 40. Bc1 Be8
41. Bd2 Kc7 42. Bc1 Kb7 43. Bd2 Ka6 44. Bc1 Be1 45. Be2 Kb7 46. Bd1 Kc7 47. Be2
Kd7 48. Bd1 Ke7 49. Be2 Kf8 50. Bd1 Kg7 51. Be2 Kh6 52. Bd1 Bh5 53. Bxh5 Kxh5
54. Kh3 Bf2 55. Bd2 Kh6 56. Bc1 Kh5 57. Bd2 Kg6 58. Bc1 Be1 59. Bb2 Bd2 60.
Kxg3 Bxe3 61. Bc3 Kh5 62. Be1 Kg6 63. Bc3 Kh5 64. Be1 Kg6 65. Bc3 1/2-1/2

[Event "NW Regional Scholastic Championships"]
[Site "Chess.com"]
[Date "2020.05.16"]
[Round "?"]
[White "TRIPU06"]
[Black "CarsonBay"]
[Result "0-1"]
[WhiteElo "1375"]
[BlackElo "1658"]
[PlyCount "88"]
[EventDate "2020.??.??"]

1. e4 c5 2. Nf3 d6 3. d4 cxd4 4. Nxd4 Nf6 5. Nc3 a6 6. a4 e6 7. Nf3 Be7 8. e5
dxe5 9. Qxd8+ Bxd8 10. Nxe5 Nbd7 11. Nxd7 Bxd7 12. Bc4 Ba5 13. Bd2 Bc6 14. O-O
Rd8 15. Rfe1 Rxd2 16. Na2 Rxc2 17. b4 Rxc4 18. bxa5 Rxa4 19. Nc3 Rxa1 20. Rxa1
Ke7 21. f4 Rd8 22. Kf2 Rd3 23. Nd1 Rd2+ 24. Ke3 Rxg2 25. Nc3 Rxh2 26. Kd4 Rd2+
27. Ke3 Rc2 28. Ra3 Rxc3+ 29. Rxc3 Nd5+ 30. Kd4 Nxc3 31. Kxc3 h5 32. Kd2 g5 33.
fxg5 h4 34. Ke1 e5 35. Kf2 e4 36. Ke3 h3 37. Kf2 e3+ 38. Kg1 e2 39. Kh2 e1=Q
40. g6 Qf1 41. Kg3 Qf3+ 42. Kh4 Bd7 43. Kg5 Qg4+ 44. Kh6 Qxg6# 0-1

[Event "NW Regional Scholastic Championships"]
[Site "Chess.com"]
[Date "2020.05.16"]
[Round "?"]
[White "piggy_98"]
[Black "TRIPU06"]
[Result "1-0"]
[WhiteElo "1696"]
[BlackElo "1375"]
[PlyCount "31"]
[EventDate "2020.??.??"]

1. e4 e5 2. Nf3 Nc6 3. Bc4 Bc5 4. O-O Nf6 5. d4 exd4 6. e5 Ng4 7. Bxf7+ Kf8 8.
Bg5 Be7 9. Bxe7+ Qxe7 10. Bb3 Ncxe5 11. Re1 d6 12. h3 Nf6 13. Nxd4 Nh5 14. Qxh5
g6 15. Qh6+ Ke8 16. f4 1-0

[Event "NW Regional Scholastic Championships"]
[Site "Chess.com"]
[Date "2020.05.16"]
[Round "?"]
[White "ChessMasterGS"]
[Black "just-potato"]
[Result "0-1"]
[WhiteElo "1358"]
[BlackElo "1137"]
[PlyCount "140"]
[EventDate "2020.??.??"]

1. e3 e5 2. Bc4 Nf6 3. Nf3 Nc6 4. Nc3 Bc5 5. d4 exd4 6. exd4 Bb4 7. Qe2+ Qe7 8.
Qxe7+ Nxe7 9. Bg5 Ne4 10. O-O Nxg5 11. Nxg5 O-O 12. Nd5 Nxd5 13. Bxd5 c6 14.
Bb3 d5 15. c3 Be7 16. Nf3 Bf5 17. Rfe1 Rfe8 18. Re3 Be4 19. Rae1 Bf6 20. Nd2
Bg5 21. R3e2 Bxd2 22. Rxd2 Bg6 23. Rde2 Rxe2 24. Rxe2 f6 25. h3 Re8 26. Kf1 Bd3
27. Bd1 Bxe2+ 28. Bxe2 a6 29. g3 Kf7 30. f4 g6 31. Kf2 f5 32. a4 Kf6 33. h4 h5
34. b4 Re6 35. Kf3 Ke7 36. a5 Kd7 37. Kf2 Kc7 38. Kf3 Re8 39. Kf2 Ra8 40. Kg2
b6 41. axb6+ Kxb6 42. Kf3 a5 43. bxa5+ Rxa5 44. Ke3 Ra3 45. Kd2 Ra2+ 46. Ke3
Ka5 47. Bf3 Ka4 48. Bd1+ Ka3 49. Bf3 Kb2 50. Kd3 Ra3 51. Ke2 Rxc3 52. Kd2 Rxf3
53. g4 hxg4 54. h5 gxh5 55. Ke1 Rxf4 56. Ke2 Rxd4 57. Ke3 Re4+ 58. Kf2 Kc2 59.
Kg1 Re2 60. Kh1 Kd3 61. Kg1 Ke3 62. Kh1 Kf3 63. Kg1 Kg3 64. Kf1 Rh2 65. Ke1 Kf3
66. Kd1 Ke3 67. Kc1 Kd3 68. Kb1 Kc3 69. Ka1 Kb3 70. Kb1 Rh1# 0-1

[Event "NW Regional Scholastic Championships"]
[Site "Chess.com"]
[Date "2020.05.16"]
[Round "?"]
[White "just-potato"]
[Black "PandasAwesome"]
[Result "1-0"]
[WhiteElo "1137"]
[BlackElo "1085"]
[PlyCount "107"]
[EventDate "2020.??.??"]

1. d4 Nf6 2. c4 c5 3. e3 e6 4. Nf3 d5 5. Nc3 Nc6 6. cxd5 exd5 7. Bd3 Bd6 8. O-O
O-O 9. Re1 Re8 10. h3 Qc7 11. Bb5 Bd7 12. dxc5 Bxc5 13. Qb3 d4 14. Bxc6 Bxc6
15. Nb5 Bxb5 16. Qxb5 Rad8 17. exd4 Rxe1+ 18. Nxe1 Bxd4 19. Nf3 Bb6 20. Bg5 Rd5
21. Qe2 h6 22. Bxf6 gxf6 23. Qe4 Qc5 24. Qe2 Rd6 25. Nh4 Re6 26. Qg4+ Kh8 27.
Rf1 Bc7 28. Nf5 Qf8 29. Qh5 Kh7 30. Qf3 Re5 31. Ng3 Qg7 32. Qxb7 Bb6 33. Qf3
Rg5 34. Qd3+ Rg6 35. Nh5 Qh8 36. g3 Kg8 37. Re1 Kh7 38. Kh2 f5 39. Qxf5 f6 40.
Nf4 Qg7 41. Nxg6 Qxg6 42. Qxg6+ Kxg6 43. Re2 Kf5 44. f4 Bd4 45. b3 h5 46. Kg2
a5 47. Kf3 Bg1 48. g4+ hxg4+ 49. hxg4+ Kg6 50. a4 Bc5 51. Re4 Bb4 52. Rxb4 axb4
53. f5+ Kh6 54. a5 1-0

[Event "NW Regional Scholastic Championships"]
[Site "Chess.com"]
[Date "2020.05.16"]
[Round "?"]
[White "ElijahDat"]
[Black "Fhh1307"]
[Result "0-1"]
[WhiteElo "1488"]
[BlackElo "1388"]
[PlyCount "150"]
[EventDate "2020.??.??"]

1. e4 c5 2. Nc3 d6 3. Bc4 g6 4. Nf3 Bg7 5. d3 e6 6. O-O Ne7 7. Re1 O-O 8. Bb3
Nbc6 9. Ne2 Bd7 10. d4 cxd4 11. Nexd4 Qc7 12. Bg5 Nc8 13. c3 a6 14. Nxc6 bxc6
15. Qd2 Re8 16. Bh6 Nb6 17. Bxg7 Kxg7 18. e5 d5 19. Rac1 Rad8 20. c4 dxc4 21.
Bxc4 Bc8 22. Qg5 Qe7 23. Qe3 Nd5 24. Bxd5 cxd5 25. Nd4 Bb7 26. Rc3 Rb8 27. Rec1
Rec8 28. Rxc8 Rxc8 29. Rxc8 Bxc8 30. Qc3 Bb7 31. h3 h5 32. Nc6 Bxc6 33. Qxc6
Qb4 34. Qxa6 Qxb2 35. a4 Qxe5 36. a5 Qe1+ 37. Kh2 Qxf2 38. Qd3 Qa7 39. a6 f5
40. Qe2 Qc7+ 41. g3 h4 42. Qb2+ Kg8 43. Qg2 hxg3+ 44. Qxg3 Qc2+ 45. Qg2 Qc7+
46. Kh1 Kf7 47. Qb2 Kg8 48. Qa3 d4 49. a7 Qb7+ 50. Kg1 Qb1+ 51. Kf2 Qc2+ 52.
Ke1 Qe4+ 53. Kd2 Qg2+ 54. Kc1 Qh1+ 55. Kc2 Qg2+ 56. Kb1 Qh1+ 57. Kb2 Qg2+ 58.
Kb3 Qd5+ 59. Kb4 Qb7+ 60. Kc5 Qe7+ 61. Kb6 Qxa3 62. Kb7 d3 63. h4 d2 64. h5
gxh5 65. a8=Q+ Qxa8+ 66. Kxa8 d1=Q 67. Kb7 Qc2 68. Kb6 Qc4 69. Kb7 Qc5 70. Ka8
Qb5 71. Ka7 Kf7 72. Ka8 Ke7 73. Ka7 Kd7 74. Ka8 Kc7 75. Ka7 Qb7# 0-1

[Event "NW Regional Scholastic Championships"]
[Site "Chess.com"]
[Date "2020.05.16"]
[Round "?"]
[White "Fhh1307"]
[Black "mbikdjbi9o"]
[Result "0-1"]
[WhiteElo "1388"]
[BlackElo "1542"]
[PlyCount "98"]
[EventDate "2020.??.??"]

1. e4 c5 2. Nf3 Nc6 3. d4 cxd4 4. Nxd4 Nf6 5. Nc3 e5 6. Nb3 Bb4 7. f3 O-O 8.
Be3 d5 9. Bd2 Bxc3 10. Bxc3 dxe4 11. Qxd8 Rxd8 12. Be2 Bf5 13. Rc1 Nd5 14. Bd2
exf3 15. Bxf3 e4 16. Be2 e3 17. Bc3 Nxc3 18. bxc3 Rac8 19. O-O Be6 20. c4 Ne5
21. c5 Nd7 22. Rf3 Nxc5 23. Rxe3 Nxb3 24. axb3 Rc7 25. c4 b6 26. Kf2 Rd2 27.
Ke1 Rcd7 28. Rd1 Rxd1+ 29. Bxd1 Kf8 30. Bc2 g6 31. Rc3 Ke7 32. c5 bxc5 33. Rxc5
Rb7 34. Ra5 Kd6 35. Ra6+ Kc5 36. Ra4 Rd7 37. Rh4 h5 38. b4+ Kb5 39. Bd1 Bc4 40.
Be2 Rc7 41. Bxc4+ Rxc4 42. Rxc4 Kxc4 43. Kd2 Kxb4 44. Kc2 a5 45. Kb2 a4 46. Ka2
f5 47. g3 g5 48. h3 f4 49. gxf4 gxf4 0-1

[Event "NW Regional Scholastic Championships"]
[Site "Chess.com"]
[Date "2020.05.16"]
[Round "?"]
[White "Fhh1307"]
[Black "wang722598"]
[Result "1-0"]
[WhiteElo "1388"]
[BlackElo "1328"]
[PlyCount "115"]
[EventDate "2020.??.??"]

1. e4 e5 2. Nf3 Nc6 3. Bc4 Nf6 4. Ng5 d5 5. exd5 Na5 6. Bb5+ c6 7. dxc6 bxc6 8.
Qf3 Bb7 9. Bd3 c5 10. Ne4 Bd6 11. O-O c4 12. Bxc4 Bxe4 13. Bb5+ Ke7 14. Qe3 Qb6
15. Qxb6 axb6 16. d3 Bb7 17. Nc3 Nc6 18. Re1 Nd4 19. Ba4 Rxa4 20. Nxa4 Nxc2 21.
Bg5 Nxa1 22. Rxa1 Ke6 23. Nxb6 Kf5 24. Bxf6 gxf6 25. Nc4 Bc5 26. Kf1 Rg8 27. g3
Bf3 28. a4 Rd8 29. a5 Rxd3 30. Ne3+ Bxe3 31. fxe3 Rd1+ 32. Rxd1 Bxd1 33. Kf2
Ba4 34. a6 Bc6 35. a7 Ke4 36. b4 Ba8 37. b5 Kd5 38. h4 h5 39. Kg2 Kc5+ 40. Kh3
Kd5 41. g4 hxg4+ 42. Kxg4 Kc5 43. h5 Be4 44. h6 f5+ 45. Kg3 f4+ 46. exf4 exf4+
47. Kxf4 Bg2 48. h7 Kxb5 49. h8=Q Ka6 50. Qa1+ Kb6 51. Qb2+ Kxa7 52. Qxg2 Kb8
53. Qc6 Ka7 54. Qb5 Ka8 55. Ke5 Ka7 56. Kd6 Ka8 57. Kc7 Ka7 58. Qb7# 1-0

[Event "NW Regional Scholastic Championships"]
[Site "Chess.com"]
[Date "2020.05.16"]
[Round "?"]
[White "Metal_Pineapple"]
[Black "aronian22"]
[Result "0-1"]
[WhiteElo "1215"]
[BlackElo "1557"]
[PlyCount "64"]
[EventDate "2020.??.??"]

1. e4 c5 2. Nf3 d6 3. d4 cxd4 4. Nxd4 Nf6 5. Nc3 a6 6. Be3 e5 7. Nf3 Be6 8. Qd2
Nbd7 9. O-O-O Be7 10. h4 b5 11. Bg5 b4 12. Nd5 Nxd5 13. exd5 Bf5 14. Bxe7 Qxe7
15. Be2 Rc8 16. Bd3 Bxd3 17. Qxd3 e4 18. Qxa6 O-O 19. Rde1 Nc5 20. Qe2 Qa7 21.
Ng5 Nd3+ 22. Kb1 Nxe1 23. Rxe1 Ra8 24. a3 bxa3 25. Qxe4 g6 26. b3 Qa5 27. Re3
Rfe8 28. Qd3 a2+ 29. Ka1 Qe1+ 30. Rxe1 Rxe1+ 31. Qd1 Rxd1+ 32. Kb2 a1=Q# 0-1

[Event "NW Regional Scholastic Championships"]
[Site "Chess.com"]
[Date "2020.05.16"]
[Round "?"]
[White "wang722598"]
[Black "Metal_Pineapple"]
[Result "1-0"]
[WhiteElo "1328"]
[BlackElo "1215"]
[PlyCount "71"]
[EventDate "2020.??.??"]

1. e4 e5 2. Nf3 Nc6 3. Bc4 Bc5 4. c3 Nf6 5. d3 O-O 6. O-O d6 7. Bg5 h6 8. Bh4
a6 9. a4 Rb8 10. Nbd2 Na5 11. Bxf7+ Rxf7 12. b4 Nc6 13. bxc5 dxc5 14. Nb3 b6
15. Bg3 Re7 16. a5 bxa5 17. Nxc5 Rb5 18. Nb3 Be6 19. c4 Rb8 20. Nxa5 Nxa5 21.
Rxa5 c6 22. Rxe5 Rc8 23. c5 Ng4 24. Rxe6 Rxe6 25. Bh4 g5 26. Nxg5 hxg5 27. Qxg4
Rg6 28. Bg3 Qxd3 29. Qxc8+ Kh7 30. Qf5 a5 31. Be5 a4 32. Qf7+ Kh6 33. Qf8+ Kh5
34. h3 g4 35. Qh8+ Kg5 36. h4# 1-0

[Event "NW Regional Scholastic Championships"]
[Site "Chess.com"]
[Date "2020.05.16"]
[Round "?"]
[White "BentonT"]
[Black "Eric-Erard"]
[Result "0-1"]
[WhiteElo "1058"]
[BlackElo "1634"]
[PlyCount "88"]
[EventDate "2020.??.??"]

1. d4 Nf6 2. c4 g6 3. Nf3 Bg7 4. g3 d6 5. Bg2 O-O 6. O-O Bf5 7. Nc3 Nbd7 8. Bf4
Re8 9. Re1 e5 10. Bg5 h6 11. Bxf6 Bxf6 12. e4 Bg4 13. d5 Nc5 14. b4 Nd7 15. Qd2
Bxf3 16. Bxf3 Bg5 17. Qd3 Kg7 18. h4 Bf6 19. Kg2 a5 20. a3 g5 21. h5 Qe7 22.
Bg4 axb4 23. axb4 c6 24. Qf3 Nb6 25. Qd3 Rxa1 26. Rxa1 Ra8 27. Rxa8 Nxa8 28.
Nd1 Qc7 29. Ne3 b6 30. Qa3 Qd8 31. dxc6 Nc7 32. Nf5+ Kh7 33. c5 bxc5 34. bxc5
dxc5 35. Qxc5 Ne6 36. Qc4 Qc7 37. Ne3 Qd6 38. Bf5+ Kg7 39. g4 Nf4+ 40. Kf1 Bd8
41. Bd7 Kf6 42. Nd5+ Kg7 43. Ne3 Kf8 44. Nf5 Qd1# 0-1

[Event "NW Regional Scholastic Championships"]
[Site "Chess.com"]
[Date "2020.05.16"]
[Round "?"]
[White "BentonT"]
[Black "smallpal"]
[Result "0-1"]
[WhiteElo "1058"]
[BlackElo "1330"]
[PlyCount "104"]
[EventDate "2020.??.??"]

1. d4 d5 2. c4 e6 3. Nf3 Nf6 4. g3 b6 5. Bg2 Bd6 6. O-O Bb7 7. Bg5 h6 8. Bd2
Nbd7 9. Nc3 Qe7 10. Nb5 O-O 11. Nxd6 cxd6 12. Bb4 a5 13. Bc3 dxc4 14. Re1 Bxf3
15. Bxf3 d5 16. e4 Qd8 17. e5 Ne8 18. b3 b5 19. b4 a4 20. a3 Rc8 21. h4 f6 22.
Bh5 fxe5 23. dxe5 Qe7 24. Qg4 Nb8 25. Bd2 Kh8 26. Bc3 Qa7 27. Re2 Nc7 28. Bg6
Nc6 29. Rd1 Na6 30. Red2 d4 31. Bxd4 Nxd4 32. Rxd4 c3 33. Rd7 Qxf2+ 34. Kh1
Qf3+ 35. Qxf3 Rxf3 36. Kg2 Rff8 37. R7d6 Nc7 38. Rd7 Nd5 39. Bf7 Ne3+ 40. Kh3
Nxd1 41. Bg6 c2 42. Bxc2 Rxc2 43. Rxd1 Rc3 44. Rd6 Rxa3 45. Rxe6 Rff3 46. Rg6
Kh7 47. Rg4 Rfe3 48. Rf4 Rxg3+ 49. Kh2 Rge3 50. Rf5 Ra2+ 51. Kg1 Re1+ 52. Rf1
Rxe5 0-1